Statistiche per Ricostruisci la Carriera del Calciatore - Benjamin Mendy

Clicka qui per fare il quiz!

Statistiche generali

  • Questo quiz è stato fatto 2 volte
  • Il punteggio medio è 3 su 5

Statistiche sulle risposte

HintRisposta% Corretto
2011-2013 Le Havre
100%
2023- Lorient
100%
2017-2023 Manchester City
50%
2016-2017 Monaco
0%
2013-2016 Olympique Marsiglia
0%

Distribuzione punteggi

Percentile per numero di risposta

Percentuale di utenti per punteggio

I tuoi punteggi nel tempo

Non hai fatto questo quiz